Words that end in "art" - Statistics

General Stats
  • This quiz has been taken 42 times
  • The average score is 9 of 22
Answer Stats
Hint Answer % Correct
_art fart
97%
_art kart
97%
_art part
97%
_art cart
92%
_art wart
87%
_art dart
82%
_art chart
68%
_art tart
68%
_art start
66%
_art heart
55%
_art smart
45%
art art
37%
_art apart
26%
_art depart
11%
_art sweetheart
5%
_art thwart
5%
_art counterpart
0%
_art jumpstart
0%
_art outsmart
0%
_art outsmart
0%
_art subpart
0%
_art upstart
0%
No matching quizzes found
Score Distribution
Percent of People with Each Score
Percentile by Number Answered
Your Score History
You have not taken this quiz